| 000 | 02112nam a22003017a 4500 | ||
|---|---|---|---|
| 003 | OSt | ||
| 005 | 20241112223326.0 | ||
| 008 | 241112b |||||||| |||| 00| 0 eng d | ||
| 020 | _a9788492921300 | ||
| 020 | _a9788499449081 (E-ISBN) | ||
| 040 |
_aCO-UDECOLOMBIA _besp _cCO-UDECOLOMBIA _dCO-UDECOLOMBIA |
||
| 082 | 0 | 4 |
_a658.4093 _bA425 |
| 100 | 1 |
_aAllen, David _92771 |
|
| 245 | 1 | 0 |
_aOrganízate con eficacia : _bEl arte de la productividad sin estrés [Getting Things Done] / _hDavid Allen, traducción de Martín Rodríguez-Courel Ginzo. |
| 250 | _aEdición revisada y ampliada. | ||
| 250 | _a9 edición. | ||
| 260 | 3 |
_aMadrid : _bEmpresa Activa, _c2015. |
|
| 300 |
_a343 p. ; _c24 cm. |
||
| 490 | 0 | _aGestión del conocimiento | |
| 505 | 0 | _aEl arte de organizarse con eficacia -- Practicando la productividad sin estrés -- El poder de los principios fundamentales | |
| 520 | 1 | _aNueva edición totalmente revisada y actualizada del método GTD para la organización, productividad y gestión del tiempo. "Soy un devoto creyente del método GTD... su filosofía me ha permitido aumentar exponencialmente mi productividad pero también mi bienestar. Pero lo que causa asombro es también cómo el método GTD se ha logrado instaurar en distintas partes del mundo. Es un movimiento genuino y auténtico". Daniel Pink, autor de Drive y Las Aventuras de Johnny Bunko. "Organízate con eficacia ofrece herramientas para poder desarrollar las principales habilidades mentales necesarias en una época de multitareas y sobrecarga de trabajo". The Wall Street Journal. "Organízate con eficacia, describe un proceso increíblemente práctico que puede ayudar a las personas ocupadas y retomar el control de su vida. Puede ayudar a ser más exitoso y, más importante, a tener una vida más feliz". Marshal Goldsmith, autor de Un nuevo impulso. | |
| 650 | 0 | 4 |
_aProductividad _92772 |
| 650 | 0 | 4 |
_aAnsiedad _92773 |
| 650 | 0 | 4 |
_aEstrés en el trabajo _91730 |
| 650 | 0 | 4 |
_aPsicología industrial _91856 |
| 700 |
_aRodríguez-Courel Ginzo, Martín _92774 _eTraductor |
||
| 942 |
_2ddc _cBK _h658.4093 A425 _n0 |
||
| 999 |
_c1934 _d1934 |
||